Szczegóły MARC21

Wirtschaftswörterbuch : Wörterbuch für den Wirtschafts-, Handels-und Rechtsverkehr - einschlis slich der Terminologie der Eurpäischen Gemeinschaften . Tl.2, Englisch-deutsch /

005 -DATA I CZAS OSTATNIEJ MODYFIKACJI [,]
    • @
    • pole kontrolne
    • 20070315155141.9
020 -Międzynarod. znormalizowany nr książki - ISBN [ , ]
    • a
    • Numer ISBN
    • 3409298991 Find
040 -Instytucja sporządzająca opis [ , ]
    • a
    • Instytucja, która sporządziła opis (NP)
    • SZCZ U
    • c
    • Instytucja, która sporządziła rekord (NP)
    • SZCZ U
942 -Rodzaj dokumentu [ , ]
    • c
    • Rodzaj dokumentu
    • Książka
245 -Strefa tytułu i oznaczenia odpowiedzialności [0, ]
    • a
    • Tytuł
    • Wirtschaftswörterbuch : Find
    • b
    • Ciąg dalszy tytułu (NP)
    • Wörterbuch für den Wirtschafts-, Handels-und Rechtsverkehr - einschlis slich der Terminologie der Eurpäischen Gemeinschaften . Find
    • n
    • Oznaczenie części (P)
    • Tl.2,
    • p
    • Nazwa części (P)
    • Englisch-deutsch /
    • c
    • Pozostałe elementy strefy tytułu i oznaczenia odpowiedzialności (NP)
    • von Cara-Erika Dietl ; unter Mitarb. von Donald B.Leaver.
250 -Strefa wydania [ , ]
    • a
    • Oznaczenie wydania (NP)
    • 2., neubearb und erw. Aufl.
260 -Strefa adresu wydawniczego [ , ]
    • a
    • Miejsce wydania (P)
    • Wiesbaden :
    • b
    • Nazwa wydawcy (P)
    • Gabler,
    • c
    • Data wydania (P)
    • 1990.
300 -Strefa opisu fizycznego [ , ]
    • a
    • Określenie formy książki i/lub objętość (NP)
    • XI, 417 s :
    • c
    • Format (NP)
    • 20 cm.
080 -Uniwersalna Klasyfikacja Dziesiętna [ , ]
    • a
    • Symbol klasyfikacji
    • 33(03)=30=20
980 -Symbol UKD [ , ]
    • a
    • UKD
    • 33(03)=30=20
700 -Hasło dodatkowe - nazwa osobowa [ , ]
    • a
    • Nazwa osobowa (NP)
    • Dietl Clara-Erika Find
920 -ISBN [ , ]
    • a
    • ISBN
    • 3-409-29899-1 Find
Status udost. Sygnatura Numer inwentarzowy Data inwentaryzacji Lokalizacja
-2FUNDACJA POLSKO-NIEMIECKAS.875802001-01-21BE